000 00362nam a2200145Ia 4500
008 210210b1989 xxu||||| |||| 00| 0 eng d
082 _a121.6 LAUM
100 _aLAURENCE (Theodor).
245 _aMiracle power of believing.
260 _aIndia
_bParker Publishing Co.,
_c1989
300 _a204
650 _aBelieving
690 _aPhilosophy
906 _a045438
999 _c94844
_d94844